Encriptador de senal de voz
Uloženo v:
| Hlavní autor: | |
|---|---|
| Médium: | Diplomová práce Kniha |
| Jazyk: | Undetermined |
| Vydáno: |
1998
|
| Témata: | |
| Tagy: |
Přidat tag
Žádné tagy, Buďte první, kdo vytvoří štítek k tomuto záznamu!
|
MARC
| LEADER | 00000nam a2200000Ia 4500 | ||
|---|---|---|---|
| 001 | 8475 | ||
| 008 | 140114s9999 xx 000 0 und d | ||
| 100 | |a Chi Lin, Yang Hung | ||
| 245 | |a Encriptador de senal de voz | ||
| 260 | |c 1998 | ||
| 500 | |a NULL | ||
| 502 | |a Escuela de ingenieria Electrica | ||
| 650 | |z CIRCUITO ENCRIPTADOR DE VOZ | ||
| 999 | |c 12482 |d 12482 | ||
